[Event "4. HSK Weihnachtsopen 2018"]
[Site "Hamburg"]
[Date "2018.12.27"]
[Round "1.1"]
[White "Goltser, Ilja"]
[Black "Hochgräfe, Markus"]
[Result "0-1"]
[WhiteElo "1744"]
[BlackElo "2413"]
[PlyCount "76"]
[EventDate "2018.12.27"]

1. e4 e6 2. d4 d5 3. Nc3 Bb4 4. e5 c5 5. a3 Bxc3+ 6. bxc3 Ne7 7. Qg4 Kf8 8. Bd2
b6 9. Nf3 h6 10. Bd3 Ba6 11. O-O Qc7 12. Bxa6 Nxa6 13. Rac1 Nb8 14. h4 Nbc6 15.
h5 Na5 16. Bf4 Kg8 17. Nh4 cxd4 18. cxd4 Nc4 19. Rfd1 Kh7 20. Rd3 Qd7 21. Rg3
Rhg8 22. Rd3 Rac8 23. Kh2 Rc6 24. Qh3 Rgc8 25. g4 Nb2 26. Rd2 Rc3 27. f3 Nc4
28. Rg2 Nxa3 29. g5 hxg5 30. Bxg5 Rxc2 31. Rcxc2 Rxc2 32. Bd2 Rc8 33. Qg4 Rg8
34. Qg5 Nf5 35. Nxf5 exf5 36. h6 g6 37. Bb4 Nb5 38. Qf6 Qe6 0-1

[Event "4. HSK Weihnachtsopen 2018"]
[Site "Hamburg"]
[Date "2018.12.27"]
[Round "1.2"]
[White "Von Gleich, Alexander"]
[Black "Perschk, Bendix"]
[Result "1-0"]
[WhiteElo "2323"]
[BlackElo "1694"]
[PlyCount "51"]
[EventDate "2018.12.27"]

1. Nf3 Nc6 2. d4 d5 3. g3 Bg4 4. Bg2 e6 5. O-O Nf6 6. c4 a5 7. Ne5 Be7 8. Nc3
Bf5 9. Qa4 O-O 10. Nxc6 bxc6 11. Qxc6 Rb8 12. cxd5 Rb6 13. Qa4 exd5 14. Qxa5
Bb4 15. Qa7 Re8 16. Bf4 Rc6 17. Qb7 Bxc3 18. Qxc6 Bxd4 19. Rad1 Bxb2 20. Bxd5
Qe7 21. Qxc7 Nxd5 22. Rxd5 Qe4 23. Rd8 Bh3 24. Rxe8+ Qxe8 25. Rd1 Bf6 26. Rb1
1-0

[Event "4. HSK Weihnachtsopen 2018"]
[Site "Hamburg"]
[Date "2018.12.27"]
[Round "1.3"]
[White "Westphal-Stubbe, Siegbert"]
[Black "Powierski, Emil"]
[Result "0-1"]
[WhiteElo "1664"]
[BlackElo "2310"]
[PlyCount "156"]
[EventDate "2018.12.27"]

1. d4 Nf6 2. Nf3 e6 3. c4 b6 4. g3 Bb4+ 5. Bd2 Be7 6. Bg2 c6 7. Nc3 d5 8. cxd5
cxd5 9. O-O O-O 10. Rc1 Bb7 11. Ne5 Nfd7 12. Nb5 a6 13. Nc3 Nxe5 14. dxe5 Nc6
15. f4 Rc8 16. e3 b5 17. a3 Na5 18. Ne2 Nc4 19. Rb1 Qb6 20. Nd4 a5 21. Re1 Rc7
22. Bc3 b4 23. axb4 axb4 24. Bd2 Bc5 25. Bc1 Ra8 26. b3 Na3 27. Ra1 Bxd4 28.
exd4 Nc2 29. Rxa8+ Bxa8 30. Rf1 Qxd4+ 31. Qxd4 Nxd4 32. Bd2 Nxb3 33. Bxb4 Bb7
34. Bd6 Rc3 35. Bb4 Rc4 36. Ba3 Ra4 37. Bd6 Ba6 38. Rb1 Bc4 39. Bf3 Ra8 40. Bd1
Nd2 41. Rb8+ {(=)} Rxb8 42. Bxb8 Bb3 43. Be2 Bc4 44. Bd1 g5 45. Ba7 gxf4 46.
gxf4 Bd3 47. Bb6 Kg7 48. Kf2 Kg6 49. Ke3 Nc4+ 50. Kxd3 Nxb6 51. Ke3 Nc4+ 52.
Kf2 Kf5 53. Kg3 Kg6 54. Bc2+ Kg7 55. Bd3 h6 56. h4 Na5 57. h5 Nc6 58. Kf3 Kf8
59. Ke3 Ke7 60. Bb5 Kd7 61. Ba4 Kc7 62. Bc2 Kb6 63. Bh7 Kc5 64. Kd3 Nb4+ 65.
Kd2 d4 66. Bg8 Nd5 67. f5 exf5 68. Bxf7 Ne7 69. Kd3 Nc6 70. e6 Ne5+ 71. Kd2 Kd6
72. Ke2 Ke7 73. Bg8 f4 74. Bh7 Kxe6 75. Be4 Kf6 76. Kf2 Kg5 77. Bg6 Nxg6 78.
hxg6 Kxg6 0-1

[Event "4. HSK Weihnachtsopen 2018"]
[Site "Hamburg"]
[Date "2018.12.27"]
[Round "1.4"]
[White "Spiric, Igor"]
[Black "Tatliak, Stefan"]
[Result "1-0"]
[WhiteElo "2277"]
[BlackElo "1699"]
[PlyCount "69"]
[EventDate "2018.12.27"]

1. d4 Nf6 2. c4 e6 3. Nc3 Bb4 4. a3 Be7 5. e4 d6 6. Nf3 O-O 7. Bd3 Nbd7 8. e5
Ne8 9. h4 dxe5 10. dxe5 f5 11. exf6 Nexf6 12. Qe2 Nc5 13. Bc2 c6 14. b4 Na6 15.
Bb2 Nc7 16. Rd1 Qe8 17. Qe5 Bd8 18. Ne4 Qe7 19. Rh3 Nce8 20. c5 a5 21. Nd6 axb4
22. Nxc8 Rxc8 23. axb4 Bc7 24. Qe2 Nd5 25. Ng5 Nf4 26. Bxh7+ Kh8 27. Qc2 Nxh3
28. gxh3 Nf6 29. Bg6 Rcd8 30. Rxd8 Rxd8 31. Bf7 e5 32. Be6 Rf8 33. Qg6 b6 34.
f4 bxc5 35. fxe5 1-0

[Event "4. HSK Weihnachtsopen 2018"]
[Site "Hamburg"]
[Date "2018.12.27"]
[Round "1.6"]
[White "Chittka, Julius"]
[Black "Lu, Siyuan"]
[Result "1-0"]
[WhiteElo "2279"]
[BlackElo "1659"]
[PlyCount "75"]
[EventDate "2018.12.27"]

1. d4 d5 2. c4 e6 3. Nc3 Nf6 4. cxd5 exd5 5. Bg5 Be7 6. e3 Bf5 7. Qb3 b6 8.
Bxf6 Bxf6 9. Qxd5 Qxd5 10. Nxd5 Bd8 11. Be2 O-O 12. Bf3 Nd7 13. Nb4 Rc8 14. Nc6
a5 15. Ne2 Nf6 16. O-O Ne4 17. Ng3 Nxg3 18. hxg3 Re8 19. Rac1 Bd7 20. Nxd8
Rexd8 21. Bb7 Rb8 22. Rxc7 Be6 23. a3 Rd6 24. Rfc1 h6 25. Kf1 Rbd8 26. Ke2 Kf8
27. R1c6 Ke8 28. Rxd6 Rxd6 29. Rc6 Ke7 30. Rxd6 Kxd6 31. Kd3 b5 32. Bf3 f5 33.
Be2 Kc6 34. Kc3 g6 35. f3 Bd5 36. Bd3 h5 37. e4 fxe4 38. Bxe4 1-0

[Event "4. HSK Weihnachtsopen 2018"]
[Site "Hamburg"]
[Date "2018.12.27"]
[Round "1.7"]
[White "Paufler, Patrick"]
[Black "Böhm, Thomas"]
[Result "1/2-1/2"]
[WhiteElo "1662"]
[BlackElo "2126"]
[PlyCount "79"]
[EventDate "2018.12.27"]

1. c4 c6 2. Nc3 d5 3. cxd5 cxd5 4. d4 e5 5. dxe5 d4 6. Ne4 Qa5+ 7. Bd2 Qxe5 8.
Ng3 Nf6 9. Nf3 Qd6 10. Qa4+ Nc6 11. Rd1 Bd7 12. Qb3 Qd5 13. Qxd5 Nxd5 14. a3
O-O-O 15. Bc1 Nb6 16. Nxd4 Nxd4 17. Rxd4 Bc5 18. Rd3 Bc6 19. e4 Rde8 20. Rc3
Bd4 21. Rc2 Kb8 22. Bd3 f5 23. Re2 fxe4 24. Nxe4 Rhf8 25. O-O Nd5 26. Nd6 Rxe2
27. Bxe2 Nf4 28. Bxf4 Rxf4 29. Bb5 Bxb2 30. Bxc6 bxc6 31. Rb1 Kc7 32. Ne8+ Kd8
33. Rxb2 Kxe8 34. Rb8+ Kf7 35. Rb7+ Kf6 36. Rxa7 c5 37. Rc7 Ra4 38. Rxc5 Rxa3
39. g3 Ra2 40. Rc6+ 1/2-1/2

[Event "4. HSK Weihnachtsopen 2018"]
[Site "Hamburg"]
[Date "2018.12.27"]
[Round "1.8"]
[White "Malkiel, Daniel"]
[Black "Leonforte, Aurelius"]
[Result "1-0"]
[WhiteElo "2187"]
[BlackElo "1629"]
[PlyCount "86"]
[EventDate "2018.12.27"]

1. Nf3 e6 2. c4 d5 3. d4 c5 4. cxd5 exd5 5. Nc3 Nf6 6. Bg5 Be6 7. e3 a6 8. Be2
h6 9. Bxf6 Qxf6 10. O-O Bd6 11. dxc5 Bxc5 12. Nxd5 Bxd5 13. Qxd5 Qc6 14. Qe5+
Be7 15. Rac1 Nd7 16. Qxg7 Qf6 17. Qxf6 Bxf6 18. Rc7 b5 19. b3 Bd8 20. Rc6 h5
21. Nd4 h4 22. Rfc1 Nb6 23. Bf3 Rb8 24. R6c2 Bf6 25. Bc6+ Kf8 26. Nf5 Rh5 27.
Be4 Re8 28. f3 Bg5 29. Kf2 Be7 30. Rc7 Nd5 31. Rb7 Nf6 32. Rcc7 Ng8 33. a4 bxa4
34. bxa4 h3 35. g4 Rg5 36. Bc6 Rxf5 37. gxf5 Bh4+ 38. Ke2 Re7 39. Rxe7 Nxe7 40.
Be4 Bf6 41. Rb6 Be5 42. f4 Bc7 43. Rxa6 Kg7 1-0

[Event "4. HSK Weihnachtsopen 2018"]
[Site "Hamburg"]
[Date "2018.12.27"]
[Round "1.9"]
[White "Mandelkow, Elias"]
[Black "Schellhorn, Wolfgang"]
[Result "0-1"]
[WhiteElo "1569"]
[BlackElo "2138"]
[PlyCount "86"]
[EventDate "2018.12.27"]

1. d4 Nf6 2. c4 g6 3. Nc3 d5 4. Nf3 Bg7 5. Bf4 O-O 6. e3 c5 7. Rc1 cxd4 8. exd4
Nc6 9. h4 Bg4 10. Be2 dxc4 11. d5 Bxf3 12. gxf3 Na5 13. Be5 Rc8 14. f4 Qd7 15.
h5 b5 16. hxg6 fxg6 17. Bxf6 exf6 18. Kf1 f5 19. Bf3 b4 20. Ne2 c3 21. bxc3
bxc3 22. Nd4 Rfe8 23. Ne6 Bf6 24. Ng5 Bxg5 25. fxg5 Qd6 26. Qd4 Qc5 27. Qh4 Re7
28. Kg2 Nb7 29. Rce1 c2 30. d6 Qxd6 31. Rxe7 Qxe7 32. Bd5+ Kf8 33. Qd4 Qxg5+
34. Kh2 c1=Q 35. Rxc1 Qh6+ 36. Kg2 Rxc1 37. Qb4+ Nc5 38. Qb8+ Ke7 39. Qe5+ Kd7
40. Be6+ Nxe6 41. Qb5+ Ke7 42. Qb7+ Rc7 43. Qb4+ Kf7 0-1

[Event "4. HSK Weihnachtsopen 2018"]
[Site "Hamburg"]
[Date "2018.12.27"]
[Round "1.10"]
[White "Jantzen, Hans-Jörg"]
[Black "Raedisch, Peter"]
[Result "1-0"]
[WhiteElo "2130"]
[BlackElo "1655"]
[PlyCount "75"]
[EventDate "2018.12.27"]

1. d4 d5 2. Bf4 a6 3. e3 Nf6 4. c3 Nc6 5. Nd2 e6 6. Ngf3 h6 7. Bd3 Nh5 8. Ne5
Nxf4 9. exf4 Qf6 10. g3 Bd6 11. h4 Nd8 12. b4 b5 13. a4 Rb8 14. axb5 axb5 15.
Qe2 c6 16. Ra7 Rb7 17. Ra5 Bxe5 18. fxe5 Qe7 19. Nb3 Ra7 20. f4 Qc7 21. Qg4 Kf8
22. h5 Qb6 23. Kd2 Nb7 24. Rxa7 Qxa7 25. Ra1 Qb8 26. Qh4 Ke8 27. g4 Rf8 28. g5
Kd7 29. gxh6 gxh6 30. Qf6 Kc7 31. Rg1 Bd7 32. Qxh6 Rh8 33. Qg5 Qa8 34. h6 Qf8
35. Qg7 Be8 36. h7 Nd8 37. Qxf8 Rxf8 38. Rg8 1-0

[Event "4. HSK Weihnachtsopen 2018"]
[Site "Hamburg"]
[Date "2018.12.27"]
[Round "1.11"]
[White "Bloh, Fabian"]
[Black "Franke, Lutz"]
[Result "0-1"]
[WhiteElo "1685"]
[BlackElo "2110"]
[PlyCount "98"]
[EventDate "2018.12.27"]

1. e4 e6 2. d4 d5 3. exd5 exd5 4. Bd3 Nc6 5. c3 Bd6 6. Nf3 Bg4 7. O-O Nge7 8.
Bg5 f6 9. Bh4 Qd7 10. Nbd2 O-O-O 11. b4 Nf5 12. Bg3 Nxg3 13. fxg3 Ne7 14. Qb3
Rde8 15. a4 Bf5 16. Bxf5 Nxf5 17. b5 c5 18. bxc6 bxc6 19. c4 Qb7 20. Qxb7+ {(=)
} Kxb7 21. Rab1+ Ka6 22. cxd5 cxd5 23. Rb5 Ne7 24. Nb3 Rb8 25. Ra5+ Kb7 26.
Nc5+ Bxc5 27. Rxc5 Rhc8 28. Rb1+ Ka6 29. Rxb8 Rxb8 30. Rc7 Rb7 31. Rc5 Rb1+ 32.
Kf2 Kb7 33. g4 a6 34. Ke3 Rb3+ 35. Kd2 Rb2+ 36. Rc2 Rb4 37. Ra2 Kb6 38. a5+ Kb7
39. Kc3 Nc6 40. h4 Rc4+ 41. Kd2 Nxd4 42. Rb2+ Nb5 43. g5 Ra4 44. gxf6 gxf6 45.
Kd3 Ra3+ 46. Kd2 Rxa5 47. Nd4 Kc7 48. Rc2+ Kd7 49. Rc5 Nxd4 0-1

[Event "4. HSK Weihnachtsopen 2018"]
[Site "Hamburg"]
[Date "2018.12.27"]
[Round "1.12"]
[White "Magnussen, Helge"]
[Black "Klawitter, Bernd"]
[Result "1-0"]
[WhiteElo "2041"]
[BlackElo "1593"]
[PlyCount "115"]
[EventDate "2018.12.27"]

1. d4 d5 2. c4 e6 3. Nf3 Nf6 4. g3 c6 5. Bg2 Bb4+ 6. Bd2 Bxd2+ 7. Nbxd2 O-O 8.
O-O h6 9. Qc2 Na6 10. e4 dxe4 11. Nxe4 Nxe4 12. Qxe4 Nc7 13. Rfd1 Qf6 14. Ne5
Rd8 15. Bf1 Qf5 16. Qe3 Qf6 17. Bd3 Ne8 18. b4 Nd6 19. Ng4 Qg5 20. Qe2 h5 21.
Ne3 Nf5 22. Nxf5 exf5 23. h4 Qf6 24. d5 cxd5 25. cxd5 Bd7 26. b5 g6 27. Rac1
Rac8 28. Qe3 Rxc1 29. Rxc1 Qd6 30. Qxa7 Qxd5 31. Bf1 Bc8 32. Qe3 Qd6 33. Bg2
Qb4 34. b6 Qa4 35. Rc7 Re8 36. Qc5 Re1+ 37. Kh2 Be6 38. Rxb7 Bxa2 39. Rb8+ Kh7
40. Qc3 Re8 41. Bc6 Qxc6 42. Qxc6 Rxb8 43. b7 Be6 44. Qc7 Rxb7 45. Qxb7 Kg7 46.
Qb2+ Kh7 47. Qf6 Kg8 48. Kg2 Bd5+ 49. f3 Be6 50. Kf2 Kf8 51. Ke3 Ke8 52. Kd4
Kd7 53. Ke5 Kc6 54. Qd8 Kc5 55. Qc7+ Kb4 56. Kd4 Kb5 57. Qb7+ Ka4 58. Qb6 1-0

[Event "4. HSK Weihnachtsopen 2018"]
[Site "Hamburg"]
[Date "2018.12.27"]
[Round "1.13"]
[White "Grotrian, Peter"]
[Black "Koop, Sören"]
[Result "1-0"]
[WhiteElo "1500"]
[BlackElo "2096"]
[PlyCount "119"]
[EventDate "2018.12.27"]

1. d4 d5 2. c4 c6 3. Nf3 Nf6 4. cxd5 cxd5 5. Nc3 Nc6 6. Bf4 a6 7. e3 Bg4 8. h3
Bxf3 9. Qxf3 e6 10. Qd1 Bd6 11. Bxd6 Qxd6 12. Bd3 O-O 13. O-O b5 14. Rc1 Rac8
15. Qd2 Nd7 16. Rfd1 f5 17. Ne2 Nb6 18. b3 Nb4 19. Bb1 Nd7 20. Nf4 Kf7 21. Nd3
Nxd3 22. Bxd3 Qa3 23. f3 Kg8 24. Re1 Nb8 25. e4 fxe4 26. Rxc8 Rxc8 27. fxe4 Nc6
28. exd5 exd5 29. Rc1 Ne7 30. Rxc8+ Nxc8 31. Qc2 Ne7 32. Bxh7+ Kh8 33. Bd3 Qb4
34. Qf2 Nc6 35. Qh4+ Kg8 36. Qh7+ Kf8 37. Qf5+ Ke7 38. Qg5+ Kf8 39. Qxd5 Qxd4+
40. Qxd4 Nxd4 41. b4 Nc6 42. a3 Ne5 43. Be2 Ke7 44. Kf2 Kd6 45. Ke3 Kd5 46.
Bf3+ Nxf3 47. Kxf3 Kc4 48. h4 Kb3 49. h5 Kxa3 50. g4 Kxb4 51. g5 Ka3 52. h6
gxh6 53. gxh6 a5 54. h7 b4 55. h8=Q a4 56. Qa1+ Kb3 57. Ke3 a3 58. Kd3 a2 59.
Kd2 Ka3 60. Kc2 1-0

[Event "4. HSK Weihnachtsopen 2018"]
[Site "Hamburg"]
[Date "2018.12.27"]
[Round "1.14"]
[White "Porth, Hartmut"]
[Black "Kaußmann, Jean-David"]
[Result "1-0"]
[WhiteElo "2093"]
[BlackElo "1593"]
[PlyCount "25"]
[EventDate "2018.12.27"]

1. d4 d5 2. Bf4 Nf6 3. e3 Bf5 4. c3 e6 5. Qb3 b6 6. Bb5+ Nbd7 7. Nf3 Be4 8. Ne5
a6 9. Bc6 Rb8 10. Bg5 Be7 11. Bxf6 O-O 12. Bxe7 Qxe7 13. Nxd7 1-0

[Event "4. HSK Weihnachtsopen 2018"]
[Site "Hamburg"]
[Date "2018.12.27"]
[Round "1.15"]
[White "Müller, Marvin"]
[Black "Szobries, Torsten"]
[Result "0-1"]
[WhiteElo "1586"]
[BlackElo "2032"]
[PlyCount "54"]
[EventDate "2018.12.27"]

1. e4 e6 2. d4 d5 3. Nc3 Nc6 4. e5 Nge7 5. f4 Nf5 6. Nf3 b6 7. Qd2 Nh4 8. Nxh4
Qxh4+ 9. g3 Qd8 10. Bg2 g6 11. Qf2 h5 12. h3 Be7 13. Be3 Bb7 14. O-O-O Qd7 15.
Rdf1 O-O-O 16. g4 hxg4 17. hxg4 Na5 18. f5 gxf5 19. gxf5 Nc4 20. Bh3 Kb8 21.
Bf4 Rdg8 22. Rh2 Bc8 23. fxe6 fxe6 24. Rg2 Rf8 25. Qg3 Qe8 26. Rgf2 Bh4 27. Bh6
Rxf2 0-1

[Event "4. HSK Weihnachtsopen 2018"]
[Site "Hamburg"]
[Date "2018.12.27"]
[Round "1.16"]
[White "Atri, Jamshid"]
[Black "Herrmann, Sabine"]
[Result "1-0"]
[WhiteElo "1930"]
[BlackElo "1553"]
[PlyCount "55"]
[EventDate "2018.12.27"]

1. e4 d5 2. exd5 Qxd5 3. Nc3 Qd8 4. d4 e6 5. Nf3 Nf6 6. Bd3 Be7 7. O-O Nd5 8.
Qe2 Nxc3 9. bxc3 c6 10. a4 Qa5 11. Bd2 Qc7 12. Rfe1 Nd7 13. c4 Nf6 14. c5 Bd7
15. Ne5 Rd8 16. a5 a6 17. Bf4 Nd5 18. Bg3 f5 19. Qh5+ g6 20. Nxg6 Nf6 21. Nxh8+
Nxh5 22. Bxc7 Rc8 23. Be5 Bf6 24. Bxf5 Bxe5 25. Rxe5 Nf6 26. Bxe6 Kf8 27. Bxd7
Nxd7 28. Rf5+ 1-0

[Event "4. HSK Weihnachtsopen 2018"]
[Site "Hamburg"]
[Date "2018.12.27"]
[Round "1.17"]
[White "Rodrigues, Afonso"]
[Black "Sonntag, Sven"]
[Result "0-1"]
[WhiteElo "1493"]
[BlackElo "1978"]
[PlyCount "72"]
[EventDate "2018.12.27"]

1. e4 d6 2. d4 Nf6 3. Nc3 Nbd7 4. Nf3 e5 5. dxe5 dxe5 6. Bg5 Bb4 7. Bc4 O-O 8.
O-O Bxc3 9. bxc3 Qe7 10. Re1 Nb6 11. Bb3 Be6 12. Qe2 c6 13. Rad1 Rad8 14. Rxd8
Rxd8 15. Rd1 h6 16. Rxd8+ Qxd8 17. Bxe6 fxe6 18. Bh4 Qd6 19. Bg3 Nbd7 20. Qd3
Qa3 21. Qc4 Qc1+ 22. Qf1 Qxc2 23. Nxe5 Nxe5 24. Bxe5 Qxe4 25. Bd4 b6 26. f3 Qd5
27. Qa6 Qd7 28. Kf2 c5 29. Be3 Nd5 30. Qd3 Qa4 31. c4 Qxa2+ 32. Bd2 Nf6 33. Kg3
Kf7 34. Bc3 Nh5+ 35. Kg4 Qxg2+ 36. Kxh5 Qg5# 0-1

[Event "4. HSK Weihnachtsopen 2018"]
[Site "Hamburg"]
[Date "2018.12.27"]
[Round "1.18"]
[White "Kemeny, Matthias"]
[Black "Schulze, Tim"]
[Result "1-0"]
[WhiteElo "1980"]
[BlackElo "1520"]
[PlyCount "41"]
[EventDate "2018.12.27"]

1. e4 c5 2. Nf3 e6 3. d4 cxd4 4. Nxd4 Nc6 5. Be2 Qc7 6. Be3 Nf6 7. Nc3 Bb4 8.
Bd3 O-O 9. Nxc6 Qxc6 10. Bd2 Bxc3 11. Bxc3 Nxe4 12. Bxg7 Nxf2 13. Kxf2 Qc5+ 14.
Ke1 Kxg7 15. Qg4+ Kf6 16. Qh4+ Ke5 17. Qg3+ Kf6 18. Qh4+ Ke5 19. Qh6 d5 20. Rf1
Bd7 21. Qf4# 1-0

[Event "4. HSK Weihnachtsopen 2018"]
[Site "Hamburg"]
[Date "2018.12.27"]
[Round "1.20"]
[White "Apitzsch, Leon Fabian"]
[Black "Müller, Linus"]
[Result "1-0"]
[WhiteElo "1940"]
[BlackElo "1445"]
[PlyCount "123"]
[EventDate "2018.12.27"]

1. d4 Nf6 2. c4 e6 3. Nc3 Bb4 4. Qc2 b6 5. e4 d6 6. Qa4+ Bd7 7. Qxb4 Nc6 8. Qb3
Nxd4 9. Qd1 e5 10. Nf3 Bg4 11. Be2 Nxe2 12. Qxe2 h6 13. O-O O-O 14. Rd1 Qd7 15.
h3 Bxf3 16. Qxf3 Qc6 17. Bxh6 Qxc4 18. Qg3 Ne8 19. Nd5 Kh7 20. Bg5 Qxe4 21.
Rac1 f6 22. Qh4+ Qxh4 23. Bxh4 Rf7 24. Rc6 g5 25. Bg3 f5 26. Rdc1 Rc8 27. f3
Rg7 28. a4 g4 29. hxg4 fxg4 30. Kf2 gxf3 31. Rh1+ Kg8 32. gxf3 Rf7 33. Rhc1 Kg7
34. R1c2 Kg8 35. Ke2 Kg7 36. Be1 Kg8 37. a5 Rg7 38. axb6 axb6 39. Nxb6 Rb8 40.
Nd5 Rb7 41. Ba5 Rg2+ 42. Kd3 Rb3+ 43. Bc3 Rg3 44. Ke4 Kf7 45. Rh2 Kg6 46. Rh8
Kf7 47. Rh7+ Kg8 48. Re7 Kf8 49. Rh7 Kg8 50. Rd7 Kf8 51. Ra6 Rb8 52. b4 Rh3 53.
Ke3 Rg3 54. Kf2 Rh3 55. Nxc7 e4 56. Ne6+ Kg8 57. Ng5 Rh2+ 58. Kg3 Rc2 59. Nxe4
d5 60. Rxd5 Nc7 61. Rg5+ Kf8 62. Rf6+ 1-0

[Event "4. HSK Weihnachtsopen 2018"]
[Site "Hamburg"]
[Date "2018.12.27"]
[Round "1.21"]
[White "Grabbel, Torben Frederik"]
[Black "Rudolph, Jens-Erik"]
[Result "0-1"]
[WhiteElo "1469"]
[BlackElo "1860"]
[PlyCount "50"]
[EventDate "2018.12.27"]

1. d4 e6 2. Nf3 f5 3. c4 Nf6 4. Nc3 Bb4 5. Qc2 Ne4 6. e3 b6 7. Bd3 Bb7 8. a3
Bxc3+ 9. bxc3 O-O 10. O-O d6 11. Bb2 Nd7 12. Nd2 Qh4 13. Nxe4 fxe4 14. Be2 Rf6
15. h3 Raf8 16. Bg4 Rg6 17. Qe2 Bc8 18. f4 Nf6 19. f5 Rxg4 20. hxg4 Nxg4 21. g3
Qxg3+ 22. Kh1 Rf6 23. Qg2 Rh6+ 24. Kg1 Qxe3+ 25. Rf2 Nxf2 0-1

[Event "4. HSK Weihnachtsopen 2018"]
[Site "Hamburg"]
[Date "2018.12.27"]
[Round "1.22"]
[White "Stelzner, Hendrik"]
[Black "Fuhrmann, Jeppe"]
[Result "1-0"]
[WhiteElo "1908"]
[BlackElo "1322"]
[PlyCount "43"]
[EventDate "2018.12.27"]

1. e4 e5 2. Nf3 Nc6 3. Bc4 Bc5 4. O-O Nf6 5. Re1 O-O 6. c3 a6 7. d4 Bd6 8. dxe5
Nxe5 9. Nxe5 Bxe5 10. f4 Bd6 11. e5 Bc5+ 12. Be3 Bxe3+ 13. Rxe3 Ne8 14. Nd2 d6
15. Ne4 Be6 16. Bxe6 fxe6 17. Qg4 Qe7 18. Ng5 d5 19. Rh3 g6 20. Rxh7 Qc5+ 21.
Kh1 Ng7 22. Qh3 1-0

[Event "4. HSK Weihnachtsopen 2018"]
[Site "Hamburg"]
[Date "2018.12.27"]
[Round "1.23"]
[White "Krüger, Dietrich"]
[Black "Schramm, Fynn"]
[Result "0-1"]
[WhiteElo "1262"]
[BlackElo "1913"]
[PlyCount "56"]
[EventDate "2018.12.27"]

1. d4 d5 2. Bf4 Nf6 3. Nd2 e6 4. e3 Be7 5. Bd3 b6 6. c3 Bb7 7. Qc2 Nbd7 8. Ngf3
Rc8 9. e4 dxe4 10. Nxe4 Nd5 11. Bg3 h6 12. h4 c5 13. O-O cxd4 14. Nxd4 Nb4 15.
Qe2 Nxd3 16. Qxd3 O-O 17. Nf3 Nc5 18. Nxc5 Rxc5 19. Qe3 Bxf3 20. Qxf3 Qd2 21.
Rab1 Ra5 22. a3 Rb5 23. b4 Qa2 24. Ra1 Qc4 25. h5 Bf6 26. Rfc1 Qd5 27. Qe2 Qxh5
28. a4 Qxe2 0-1

[Event "4. HSK Weihnachtsopen 2018"]
[Site "Hamburg"]
[Date "2018.12.27"]
[Round "1.24"]
[White "Schulz, Hans-Juergen"]
[Black "Meyer, Harald"]
[Result "1-0"]
[WhiteElo "1827"]
[BlackElo "1282"]
[PlyCount "46"]
[EventDate "2018.12.27"]

1. e4 d5 2. exd5 Nf6 3. d4 e6 4. dxe6 Bxe6 5. Nf3 Bd6 6. c4 c6 7. Bd3 Nbd7 8.
c5 Bc7 9. Nc3 Qe7 10. O-O O-O 11. Re1 Qd8 12. h3 b6 13. cxb6 axb6 14. Bg5 b5
15. Qc2 g6 16. Ne5 Qc8 17. Nxc6 Bh2+ 18. Kxh2 Qxc6 19. Bxb5 Qd6+ 20. Kg1 Bf5
21. Qd2 Nc5 22. dxc5 Qxd2 23. Bxd2 Rad8 1-0

[Event "4. HSK Weihnachtsopen 2018"]
[Site "Hamburg"]
[Date "2018.12.27"]
[Round "1.25"]
[White "Englert, Barbara"]
[Black "Chilton, Alexis"]
[Result "1/2-1/2"]
[WhiteElo "1238"]
[BlackElo "1844"]
[PlyCount "38"]
[EventDate "2018.12.27"]

1. e4 c5 2. Nc3 Nc6 3. Bb5 g6 4. Bxc6 dxc6 5. Nf3 Bg7 6. h3 Nf6 7. O-O O-O 8.
d3 b5 9. Re1 Qa5 10. Bd2 b4 11. e5 Nd7 12. Nb1 Qc7 13. Bf4 e6 14. Re4 Qd8 15.
Nbd2 f6 16. Nc4 Nxe5 17. Ncxe5 fxe5 18. Nxe5 Qd5 19. Nc4 Ba6 1/2-1/2

[Event "4. HSK Weihnachtsopen 2018"]
[Site "Hamburg"]
[Date "2018.12.27"]
[Round "1.28"]
[White "Koop, Th.Börge"]
[Black "Müller, Nico"]
[Result "1-0"]
[WhiteElo "1846"]
[BlackElo "1546"]
[PlyCount "83"]
[EventDate "2018.12.27"]

1. e4 c5 2. c3 d5 3. exd5 Qxd5 4. d4 e6 5. Nf3 Nd7 6. Be2 Ngf6 7. O-O a6 8. Bf4
cxd4 9. cxd4 b5 10. Ne5 Nxe5 11. Bxe5 Qd8 12. Bf3 Ra7 13. Bb8 Re7 14. Nc3 g6
15. Be5 Ra7 16. Ne4 Be7 17. Rc1 O-O 18. Rxc8 Qxc8 19. Nxf6+ Bxf6 20. Bxf6 h5
21. Qd2 Kh7 22. Bxh5 Rg8 23. Qg5 Rc7 24. Bf3 Qf8 25. Be4 Qh6 26. f4 Qxg5 27.
fxg5 Rh8 28. Rf3 Kg8 29. Bxh8 Kxh8 30. Rc3 Rd7 31. Rd3 Kg7 32. Kf2 Rc7 33. Rc3
Rd7 34. Ke3 Rd8 35. h4 Rh8 36. g3 Rb8 37. b4 Kf8 38. Rc6 a5 39. bxa5 Ra8 40. a6
Ra7 41. Rb6 Kg7 42. Bb7 1-0

[Event "4. HSK Weihnachtsopen 2018"]
[Site "Hamburg"]
[Date "2018.12.27"]
[Round "1.29"]
[White "Lohmann, Rene Alexander"]
[Black "Chmielewski, Axel"]
[Result "1/2-1/2"]
[WhiteElo "1390"]
[BlackElo "1854"]
[PlyCount "37"]
[EventDate "2018.12.27"]

1. d4 Nf6 2. Bf4 d5 3. e3 e6 4. Nf3 c5 5. c3 Bd6 6. Bg3 O-O 7. Nbd2 Nc6 8. Bd3
Qe7 9. Ne5 Nd7 10. Nxd7 Bxd7 11. Bxd6 Qxd6 12. dxc5 Qxc5 13. Bxh7+ Kxh7 14.
Qh5+ Kg8 15. Ne4 Qb6 16. Ng5 Rfd8 17. Qxf7+ Kh8 18. Qh5+ Kg8 19. Qf7+ 1/2-1/2

[Event "4. HSK Weihnachtsopen 2018"]
[Site "Hamburg"]
[Date "2018.12.27"]
[Round "1.30"]
[White "Nyenhuis, Yannek"]
[Black "Hinrichs, Winfried"]
[Result "0-1"]
[WhiteElo "1922"]
[BlackElo "1551"]
[PlyCount "62"]
[EventDate "2018.12.27"]

1. d4 Nf6 2. Bf4 d6 3. Nc3 g6 4. e4 Bg7 5. Qd2 O-O 6. O-O-O Nbd7 7. Nf3 a6 8.
h4 b5 9. e5 Ng4 10. h5 dxe5 11. dxe5 Bb7 12. Qxd7 Nxf2 13. Qxd8 Rfxd8 14. Rxd8+
Rxd8 15. Rg1 b4 16. Be3 bxc3 17. Bxf2 Bh6+ 18. Nd2 Rxd2 19. bxc3 Rxf2+ 20. Kb1
Bg7 21. hxg6 hxg6 22. Bd3 Bxe5 23. Kb2 a5 24. g4 Rg2 25. Re1 Bd6 26. Be4 Bxe4
27. Rxe4 f5 28. gxf5 gxf5 29. Re3 f4 30. Rf3 Rg3 31. Rf2 e5 0-1

[Event "4. HSK Weihnachtsopen 2018"]
[Site "Hamburg"]
[Date "2018.12.27"]
[Round "2.1"]
[White "Hochgräfe, Markus"]
[Black "Fuhrmann, Äke"]
[Result "1-0"]
[WhiteElo "2413"]
[BlackElo "1955"]
[PlyCount "47"]
[EventDate "2018.12.27"]

1. Nf3 Nf6 2. c4 g6 3. Nc3 Bg7 4. e4 d6 5. d4 O-O 6. Be2 e5 7. Be3 Nc6 8. d5
Ne7 9. Nd2 Ne8 10. f3 f5 11. O-O f4 12. Bf2 Nf6 13. c5 g5 14. Rc1 Bd7 15. Qb3
b6 16. cxd6 cxd6 17. Nb5 Bxb5 18. Qxb5 h5 19. Rc3 Ng6 20. Rfc1 Rf7 21. Qa6 Bf8
22. Rc8 Rxc8 23. Qxc8 Qe7 24. Qf5 1-0

[Event "4. HSK Weihnachtsopen 2018"]
[Site "Hamburg"]
[Date "2018.12.27"]
[Round "2.2"]
[White "Sonntag, Sven"]
[Black "Von Gleich, Alexander"]
[Result "0-1"]
[WhiteElo "1978"]
[BlackElo "2323"]
[PlyCount "60"]
[EventDate "2018.12.27"]

1. c4 Nf6 2. Nc3 c5 3. g3 e6 4. e4 d5 5. e5 Nfd7 6. f4 dxc4 7. Bxc4 Be7 8. Nf3
Nc6 9. d3 a6 10. a4 O-O 11. h4 Nb6 12. O-O Nxc4 13. dxc4 Qxd1 14. Nxd1 b6 15.
Be3 Na5 16. Nd2 Rd8 17. Nf2 Bb7 18. Rfd1 Bc6 19. b4 cxb4 20. Bxb6 Rxd2 21. Bxa5
Rxd1+ 22. Nxd1 Bc5+ 23. Nf2 f6 24. Bc7 fxe5 25. a5 exf4 26. gxf4 Rf8 27. Bb6
Bxf2+ 28. Bxf2 Rxf4 29. Rc1 Rg4+ 30. Kf1 Rxc4 0-1

[Event "4. HSK Weihnachtsopen 2018"]
[Site "Hamburg"]
[Date "2018.12.27"]
[Round "2.3"]
[White "Powierski, Emil"]
[Black "Apitzsch, Leon Fabian"]
[Result "1-0"]
[WhiteElo "2310"]
[BlackElo "1940"]
[PlyCount "102"]
[EventDate "2018.12.27"]

1. e4 e5 2. Nf3 Nc6 3. Bb5 a6 4. Ba4 Nf6 5. O-O Be7 6. d3 b5 7. Bb3 d6 8. Bd2
O-O 9. Re1 h6 10. a4 Bg4 11. c3 Na5 12. Ba2 c5 13. Na3 Qb6 14. axb5 axb5 15.
Nc2 Nc6 16. Ne3 Ra7 17. Nxg4 Nxg4 18. h3 Nf6 19. Bb3 Rfa8 20. Rxa7 Rxa7 21. Nh4
Bf8 22. Nf5 Ne7 23. Ne3 c4 24. Bc2 cxd3 25. Bxd3 Nd7 26. b4 Ra2 27. Bb1 Ra8 28.
Qb3 Qa6 29. Bd3 Nb6 30. Bc1 Rc8 31. Bf1 Qa4 32. Qb2 Qa6 33. Bd2 Ra8 {(=)} 34.
Qc2 Rc8 35. Qd3 Na4 36. Rc1 Rb8 37. Ra1 Qc6 38. Ra2 g6 39. Qc2 Nb6 40. Ra5 Nc4
41. Nxc4 bxc4 42. Be2 Nc8 43. Be3 h5 44. Qa2 Qxe4 45. Bxc4 Qf5 46. Ra8 Rb7 47.
Qa5 Qd7 48. Bd5 Rc7 49. b5 Ne7 50. b6 Nxd5 51. bxc7 Nxc7 1-0